Países que han ganado una medalla en baloncesto en juegos olímpicos - Estadísticas

Estadísticas generales
  • Esta prueba ha sido intentada 106 veces
  • La puntuación promedio es 16 de 22
Estadísticas de respuestas
Oro Plata Bronce País % Correcto
26 2 3 Estados unidos
99%
1 0 1 Argentina
95%
0 4 1 España
95%
0 5 1 Francia
95%
0 0 3 Rusia
91%
0 1 0 Canadá
90%
0 1 4 Brasil
87%
0 2 0 Italia
86%
0 3 3 Australia
84%
0 1 2 Serbia
83%
0 1 1 China
80%
1 5 2 Yugoslavia
79%
0 0 3 Lituania
75%
0 1 0 Japon
72%
4 4 4 Union sovietica
70%
0 1 0 Croacia
69%
0 0 1 Mexico
67%
0 0 1 Cuba
38%
0 0 2 Uruguay
37%
0 1 1 Bulgaria
28%
0 1 0 Corea del sur
25%
1 0 0 Equipo Unificado
8%
No se encontraron pruebas coincidentes
Distribución de puntuación
Porcentaje de gente con cada puntuación
Porcentaje por número respondido
Historial de tus puntuaciones
No has intentado esta prueba.